| 000 | 00615nam a2200229 a 4500 | ||
|---|---|---|---|
| 001 | 12961 | ||
| 003 | BD-JhCC | ||
| 005 | 20230606122033.0 | ||
| 008 | 230606s2018 uk a|||| |||| 000 0 b d | ||
| 020 | _a9780241319901 | ||
| 035 | _a(BD-JhCC)12961 | ||
| 040 |
_aBD-JhCC _dBD-JhCC |
||
| 041 | _aeng | ||
| 082 |
_a912.12 _bCHI 2018 |
||
| 245 |
_aChildren's illustrated history atlas / _cSimon Adams ...[et.al] |
||
| 260 |
_aUK : _bDorling Kindersley Limited _c2018 |
||
| 300 |
_a96 p. : _bcolor page; _c25 cm. |
||
| 650 | _aAtlases | ||
| 650 | _aChildren's atlases | ||
| 700 | _aAdams, Simon | ||
| 942 |
_2ddc _cREF |
||
| 999 |
_c12961 _d12961 |
||